| 000 | 00632cam a2200253 4500 | ||
|---|---|---|---|
| 001 | J87379 | ||
| 008 | 090401t1997 xxu||||| |||| 00| 0 eng d | ||
| 035 | _a(Sirsi) u81781 | ||
| 041 | _aeng | ||
| 050 | _a306.1309421 | ||
| 110 |
_aLondon Research Centre _93277 |
||
| 245 | _aPrivate sector rents bulletin 12. | ||
| 260 |
_aLondon _bLondon Research Centre _c1997 |
||
| 300 | _a8p. ; 30cm. | ||
| 350 | _a15 | ||
| 650 | _aLONDON | ||
| 650 | _aPRIVATE RENTED SECTOR | ||
| 650 | _aPRIVATE SECTOR RENTS | ||
| 650 | _aRENT | ||
| 650 |
_aRESIDENTIAL PROPERTY _96266 |
||
| 690 | _aHOUSING | ||
| 942 | _n0 | ||
| 948 | _c30/10/1997 | ||
| 999 |
_c96747 _d96747 |
||